00825nam a22001817a 4500003000400000005001700004008004100021040000900062245021400071260005700285260008100342300001000423650001700433650005300450650003200503650006400535710004400599OSt20131213174201.0130522| ||||| |||| 00| 0 eng d cCDMR aEuropean handbook for Journalists' Unions to counter racism in mediacproduced by the International Federation of Journalists [...], Working Group Migranten & Media of the Netherlands Association of Jornalists a[Amsterdam]bInternational Federation of Journalists bMigranten & Media Group of the Netherlands Association of Jornalistsc[s.d.] a60 p.04aDrets humans04aRacisme en els mitjans de comunicació de massa04aComunicació intercultural04aAssociacions de professionals i tècnicsxAspectes socials2 aInternational Federation of Journalists